Sports Quiz

Random Sports or WWE Quiz
Score 0/156 Timer 10:00
0 Plays Today
Date Wrestler % Correct
March 10Kane
92.3%
March 17Kane
92.3%
May 12Kane
92.3%
September 8Kane
92.3%
October 6Kane
92.3%
March 31Triple H
90.5%
February 10Christian
89.1%
March 3Christian
89.1%
March 10Christian
89.1%
June 23Christian
89.1%
July 7Christian
89.1%
July 28Christian
89.1%
September 22Christian
89.1%
November 3Christian
89.1%
November 10Christian
89.1%
December 8Christian
89.1%
December 15Christian
89.1%
March 10Chris Jericho
88.6%
April 14Chris Jericho
88.6%
April 21Chris Jericho
88.6%
September 15Chris Jericho
88.6%
November 3Chris Jericho
88.6%
December 8Chris Jericho
88.6%
December 15Chris Jericho
88.6%
January 6Bubba Ray Dudley
86.8%
January 6D-Von Dudley
86.8%
February 3Bubba Ray Dudley
86.8%
February 3D-Von Dudley
86.8%
May 19Bubba Ray Dudley
86.8%
May 19D-Von Dudley
86.8%
June 16Bubba Ray Dudley
86.8%
June 16D-Von Dudley
86.8%
August 4Bubba Ray Dudley
86.8%
September 29Bubba Ray Dudley
86.8%
September 29D-Von Dudley
86.8%
October 20Bubba Ray Dudley
86.8%
October 20D-Von Dudley
86.8%
December 1Bubba Ray Dudley
86.8%
December 1D-Von Dudley
86.8%
December 8Bubba Ray Dudley
86.8%
December 8D-Von Dudley
86.8%
January 20Rob Van Dam
85.9%
February 17Rob Van Dam
85.9%
March 10Rob Van Dam
85.9%
March 17Rob Van Dam
85.9%
May 12Rob Van Dam
85.9%
September 8Rob Van Dam
85.9%
September 15Rob Van Dam
85.9%
September 22Rob Van Dam
85.9%
October 13Rob Van Dam
85.9%
November 3Rob Van Dam
85.9%
November 10Rob Van Dam
85.9%
Date Wrestler % Correct
December 29Rob Van Dam
85.9%
January 20Jeff Hardy
85%
January 27Jeff Hardy
85%
March 3Jeff Hardy
85%
March 24Jeff Hardy
85%
January 27Booker T
83.2%
May 26Booker T
83.2%
June 23Booker T
83.2%
July 7Booker T
83.2%
July 28Booker T
83.2%
October 27Booker T
83.2%
November 3Booker T
83.2%
November 17Booker T
83.2%
January 13Trish Stratus
82.7%
March 24Trish Stratus
82.7%
April 7Trish Stratus
82.7%
June 2Trish Stratus
82.7%
June 30Trish Stratus
82.7%
July 14Trish Stratus
82.7%
July 21Trish Stratus
82.7%
August 18Trish Stratus
82.7%
August 25Trish Stratus
82.7%
December 15Trish Stratus
82.7%
January 6Batista
82.3%
February 10Test
81.4%
April 14Test
81.4%
May 26Test
81.4%
June 23Test
81.4%
July 14Test
81.4%
July 28Test
81.4%
September 29Test
81.4%
November 24Lita
81.4%
December 15Lita
81.4%
June 2Molly Holly
77.7%
June 30Molly Holly
77.7%
July 21Molly Holly
77.7%
August 18Molly Holly
77.7%
February 17Lance Storm
77.3%
March 17Lance Storm
77.3%
June 23Scott Steiner
75.5%
July 14Scott Steiner
75.5%
July 28Scott Steiner
75.5%
August 11Scott Steiner
75.5%
September 29Scott Steiner
75.5%
October 13Scott Steiner
75.5%
December 29Scott Steiner
75.5%
January 13Victoria
72.7%
March 24Victoria
72.7%
June 2Victoria
72.7%
June 30Victoria
72.7%
July 14Victoria
72.7%
July 21Victoria
72.7%
Date Wrestler % Correct
November 24Victoria
72.7%
June 9Goldberg
70.5%
January 6Jamal
69.5%
February 3Jamal
69.5%
February 24Jazz
69.5%
April 7Jazz
69.5%
May 19Jamal
69.5%
June 2Jazz
69.5%
June 16Jazz
69.5%
June 30Jazz
69.5%
January 6Rosey
69.1%
February 3Rosey
69.1%
May 19Rosey
69.1%
June 9Rosey
69.1%
October 6Rosey
69.1%
March 17Chief Morley
68.2%
April 28Chief Morley
68.2%
May 5Chief Morley
68.2%
August 11Stacy Keibler
67.3%
November 17Mark Henry
67.3%
August 4Rene Dupree
65.9%
October 20Rene Dupree
65.9%
March 31The Hurricane
62.3%
April 21The Hurricane
62.3%
April 28The Hurricane
62.3%
October 20Rob Conway
61.4%
January 6Rico
59.1%
January 13Jacqueline
59.1%
February 24Jacqueline
59.1%
June 2Jacqueline
59.1%
June 30Jacqueline
59.1%
August 11Rico
59.1%
October 27Rico
59.1%
June 2Ivory
56.8%
June 16Ivory
56.8%
June 30Ivory
56.8%
March 24Stevie Richards
56.4%
July 14Stevie Richards
56.4%
June 16Rodney Mack
54.1%
June 30Gail Kim
54.1%
July 21Gail Kim
54.1%
August 25Gail Kim
54.1%
July 14Kevin Nash
50.9%
December 1Garrison Cade
46.8%
June 16Christopher Nowinski
45.9%
August 11Miss Jackie
44.5%
May 5Jerry Lawler
43.6%
September 1Jerry Lawler
43.6%
December 1Mark Jindrak
43.2%
September 1Jonathan Coachman
36.4%
May 12Animal
32.7%
May 12Hawk
32.7%
Remove Ads.
Support Sporcle.
Get the best of Sporcle when you Go Orange. This ad-free experience offers more features, more stats, and more fun while also helping to support Sporcle. Thank you for becoming a member.

You're not logged in!

Compare scores with friends on all Sporcle quizzes.
OR
Log In

Show Comments

Extras

Top Quizzes Today


Score Distribution

Your Account Isn't Verified!

In order to create a playlist on Sporcle, you need to verify the email address you used during registration. Go to your Sporcle Settings to finish the process.

Report this User

Report this user for behavior that violates our Community Guidelines.

Details: